000
00325 a2200109 4500
001
ART_31279
005
20260410161840.0
008
260409a
245
1
0
_a
El régimen de compre trabajo argentino y sus problemas
100
1
_a
Navarro, Damián
773
0
_t
RAP
_g
- Año 36, Nº 422 (nov. 2013)
_w
REV5941
999
_c
24016
_d
24016